[Event "Titled Tuesday intern op 06th Apr"]
[Site "Chess.com INT"]
[Date "2021.04.06"]
[Round "5"]
[White "Marcziter, Dmitrii"]
[Black "Delgadillo, Adonai"]
[Result "0-1"]
[WhiteElo "2243"]
[BlackElo "2236"]
[PlyCount "70"]
[EventDate "2021.04.06"]
[EventType "swiss (blitz)"]
[EventRounds "11"]
[EventCountry "USA"]
[SourceTitle "CBM 201 Extra"]
[Source "ChessBase"]
[SourceDate "2021.05.31"]
[SourceVersion "1"]
[SourceVersionDate "2021.05.31"]
[SourceQuality "1"]

1. e4 c5 2. Nf3 d6 3. d4 cxd4 4. Nxd4 Nf6 5. Nc3 a6 6. a4 g6 7. Be2 Bg7 8. 0-0 Nc6 9. Nb3 0-0 10. Kh1 Be6 11. Bg5 Rc8 12. f4 Na5 13. f5 Bc4 14. Bd3 Bxd3 15. cxd3 Nc6 16. a5 Ne5 17. Qd2 Qd7 18. h3 Rfe8 19. Bxf6 Bxf6 20. Nd5 Qb5 21. Nxf6+ exf6 22. Nc1 g5 23. Ra3 d5 24. Ne2 dxe4 25. dxe4 Red8 26. Qe1 Rc2 27. Ng3 Qxb2 28. Nh5 Qxa3 29. Nxf6+ Kh8 30. Nd5 Rdc8 31. Kh2 Rc1 32. Qf2 Rxf1 33. Qxf1 Qb2 34. Ne3 Rc3 35. Qe1 Nf3+ 0-1

[Event "Titled Tuesday intern op 06th Apr"]
[Site "Chess.com INT"]
[Date "2021.04.06"]
[Round "2"]
[White "Murthy, Pappu LN"]
[Black "Delgadillo, Adonai"]
[Result "0-1"]
[WhiteElo "1940"]
[BlackElo "2236"]
[PlyCount "150"]
[EventDate "2021.04.06"]
[EventType "swiss (blitz)"]
[EventRounds "11"]
[EventCountry "USA"]
[SourceTitle "CBM 201 Extra"]
[Source "ChessBase"]
[SourceDate "2021.05.31"]
[SourceVersion "1"]
[SourceVersionDate "2021.05.31"]
[SourceQuality "1"]

1. c4 Nf6 2. Nc3 g6 3. g3 d6 4. Bg2 Bg7 5. e4 0-0 6. Nge2 c5 7. 0-0 Nc6 8. d3 Ne8 9. Be3 Nc7 10. d4 cxd4 11. Nxd4 Ne6 12. Nde2 Ne5 13. b3 Ng4 14. Bd2 Bd7 15. h3 Ne5 16. Be3 a6 17. Rc1 Rb8 18. a4 Nc6 19. Qd2 Qa5 20. Rfd1 Rfd8 21. Nd5 Qxd2 22. Rxd2 Nc5 23. Bxc5 dxc5 24. Rcd1 Kf8 25. f4 Nd4 26. Nxd4 Bxd4+ 27. Kh2 b5 28. axb5 axb5 29. Bf1 b4 30. Bg2 Rdc8 31. Re2 Bc6 32. e5 h5 33. h4 Bd7 34. Bh3 Bxh3 35. Kxh3 e6 36. Nf6 Ra8 37. Red2 Ra3 38. Rd3 Ra2 39. R1d2 Rca8 40. g4 hxg4+ 41. Kxg4 Rxd2 42. Rxd2 Ra1 43. Rg2 Rb1 44. Rg3 Ke7 45. h5 gxh5+ 46. Nxh5 Bc3 47. Rd3 Rxb3 48. Ng7 Rb1 49. Kf3 Rf1+ 50. Ke4 Re1+ 51. Kf3 Rg1 52. Nh5 Bd4 53. Nf6 Rb1 54. Ke4 b3 55. Kf3 b2 56. Rb3 Rf1+ 57. Ke4 b1Q+ 58. Rxb1 Rxb1 59. f5 Re1+ 60. Kf3 Rf1+ 61. Ke4 Rxf5 62. Kd3 Rxe5 63. Ng4 Rg5 64. Nh2 Rg3+ 65. Ke4 Re3+ 66. Kf4 f6 67. Ng4 e5+ 68. Kf5 Rf3+ 69. Kg6 Rg3 70. Kh5 Rxg4 71. Kxg4 Ke6 72. Kf3 f5 73. Ke2 f4 74. Kf1 Kf5 75. Ke2 e4 0-1

[Event "Titled Tuesday intern op 02nd Mar"]
[Site "Chess.com INT"]
[Date "2021.03.02"]
[Round "2"]
[White "Delgadillo, Adonai"]
[Black "Mayaud, Raphael"]
[Result "1/2-1/2"]
[WhiteElo "2236"]
[BlackElo "2202"]
[PlyCount "129"]
[EventDate "2021.03.02"]
[EventType "swiss (blitz)"]
[EventRounds "11"]
[EventCountry "USA"]
[SourceTitle "CBM 201 Extra"]
[Source "ChessBase"]
[SourceDate "2021.05.31"]
[SourceVersion "1"]
[SourceVersionDate "2021.05.31"]
[SourceQuality "1"]

1. e4 d5 2. exd5 Qxd5 3. d4 e5 4. dxe5 Qxd1+ 5. Kxd1 Nc6 6. f4 Bg4+ 7. Be2 0-0-0+ 8. Ke1 Nh6 9. Nf3 Bc5 10. c3 f6 11. Nbd2 Rhe8 12. Nb3 Bb6 13. h3 Bxf3 14. Bxf3 fxe5 15. f5 Nxf5 16. Bg4 g6 17. Rf1 Rf8 18. Bg5 Rde8 19. Rd1 h5 20. Bf3 e4 21. Be2 Ne5 22. Rf4 Nd3+ 23. Bxd3 exd3+ 24. Kd2 Be3+ 25. Kxd3 Bxf4 26. Bxf4 Rd8+ 27. Kc2 Rxd1 28. Kxd1 Nd6 29. Bxd6 cxd6 30. Ke2 Rf5 31. Nd4 Re5+ 32. Kf3 Re1 33. g4 Rb1 34. b3 hxg4+ 35. hxg4 Ra1 36. a4 Rc1 37. c4 Re1 38. Kf4 Rf1+ 39. Kg5 Rd1 40. Nb5 a6 41. Nc3 Rd3 42. Nd5 Rxb3 43. Kxg6 Kd7 44. Kf5 Kc6 45. g5 Rg3 46. a5 Kc5 47. Nf6 Kxc4 48. Ne4 Rxg5+ 49. Kxg5 d5 50. Nd6+ Kc5 51. Nxb7+ Kc6 52. Nd8+ Kb5 53. Kf4 Kxa5 54. Ke5 Kb4 55. Nc6+ Kc5 56. Na5 d4 57. Nb3+ Kb4 58. Nxd4 a5 59. Ke4 a4 60. Kd3 Ka3 61. Kc2 Kb4 62. Kb2 a3+ 63. Ka2 Kc4 64. Nc2 Kc5 65. Nxa3 1/2-1/2

[Event "Titled Tuesday intern op 02nd Mar"]
[Site "Chess.com INT"]
[Date "2021.03.02"]
[Round "5"]
[White "Gritsenko, Nikolai"]
[Black "Delgadillo, Adonai"]
[Result "1-0"]
[WhiteElo "2309"]
[BlackElo "2236"]
[PlyCount "113"]
[EventDate "2021.03.02"]
[EventType "swiss (blitz)"]
[EventRounds "11"]
[EventCountry "USA"]
[SourceTitle "CBM 201 Extra"]
[Source "ChessBase"]
[SourceDate "2021.05.31"]
[SourceVersion "1"]
[SourceVersionDate "2021.05.31"]
[SourceQuality "1"]

1. e4 c5 2. Be2 g6 3. f4 Bg7 4. Nf3 b6 5. c3 Bb7 6. d3 Nc6 7. 0-0 d5 8. Nbd2 Nf6 9. e5 Nd7 10. d4 0-0 11. a3 Rc8 12. Rf2 Bh6 13. Nf1 f5 14. h3 cxd4 15. cxd4 Na5 16. Bd3 e6 17. g3 Rc7 18. Bd2 Qc8 19. Rc1 Rxc1 20. Bxc1 Ba6 21. Rc2 Qb7 22. Bxa6 Qxa6 23. Rc7 Rd8 24. Ne3 b5 25. b3 Qb6 26. Qc2 b4 27. axb4 Nxb3 28. Rxd7 Rxd7 29. Qxb3 Rc7 30. Bd2 Bf8 31. Qa4 Rc6 32. b5 Rc7 33. h4 Be7 34. h5 Kf7 35. Kg2 Rb7 36. hxg6+ hxg6 37. Qd1 Qxb5 38. Kf2 Rb8 39. Qh1 Kg7 40. Qc1 Qb7 41. g4 Rc8 42. Qa1 fxg4 43. Nxg4 Rc2 44. Qh1 Qb2 45. Qh6+ Kf7 46. Qh7+ Ke8 47. Qxg6+ Kd7 48. Qd3 a5 49. f5 Bb4 50. fxe6+ Kxe6 51. Ke2 Kd7 52. e6+ Kxe6 53. Nge5 Bxd2 54. Nxd2 a4 55. Qg6+ Ke7 56. Qf7+ Kd8 57. Qd7# 1-0

[Event "Titled Tuesday intern op 02nd Mar"]
[Site "Chess.com INT"]
[Date "2021.03.02"]
[Round "7"]
[White "Matveeva, Olga"]
[Black "Delgadillo, Adonai"]
[Result "0-1"]
[WhiteElo "2171"]
[BlackElo "2236"]
[PlyCount "56"]
[EventDate "2021.03.02"]
[EventType "swiss (blitz)"]
[EventRounds "11"]
[EventCountry "USA"]
[SourceTitle "CBM 201 Extra"]
[Source "ChessBase"]
[SourceDate "2021.05.31"]
[SourceVersion "1"]
[SourceVersionDate "2021.05.31"]
[SourceQuality "1"]

1. d4 Nf6 2. c4 g6 3. g3 Bg7 4. Bg2 d6 5. Nc3 0-0 6. Nf3 e5 7. 0-0 Nbd7 8. e4 c6 9. h3 Qb6 10. Re1 Re8 11. Rb1 exd4 12. Nxd4 a5 13. Be3 Qc7 14. Qc2 Nc5 15. b3 h5 16. Rbd1 Bd7 17. Bf4 Rad8 18. Nf3 Bc8 19. Ng5 Ne6 20. Nxe6 Bxe6 21. c5 Qc8 22. Bxd6 Bxh3 23. e5 Bxg2 24. Kxg2 Ng4 25. f4 Qe6 26. Ne4 Bh6 27. Qc4 Qf5 28. Rh1 Ne3+ 0-1

[Event "Titled Tuesday intern op 02nd Mar"]
[Site "Chess.com INT"]
[Date "2021.03.02"]
[Round "8"]
[White "Shkapenko, Pavel"]
[Black "Delgadillo, Adonai"]
[Result "0-1"]
[WhiteElo "2424"]
[BlackElo "2236"]
[PlyCount "80"]
[EventDate "2021.03.02"]
[EventType "swiss (blitz)"]
[EventRounds "11"]
[EventCountry "USA"]
[SourceTitle "CBM 201 Extra"]
[Source "ChessBase"]
[SourceDate "2021.05.31"]
[SourceVersion "1"]
[SourceVersionDate "2021.05.31"]
[SourceQuality "1"]

1. e4 c5 2. c3 d5 3. exd5 Qxd5 4. Nf3 Nf6 5. d4 cxd4 6. cxd4 e6 7. Be2 Bb4+ 8. Nc3 0-0 9. 0-0 Qd8 10. Ne5 Nc6 11. Be3 Nd5 12. Nxd5 exd5 13. Rc1 Nxe5 14. dxe5 Be6 15. Bd4 Qa5 16. Bd3 Rfc8 17. f4 Rxc1 18. Qxc1 Rc8 19. Qb1 Bc5 20. Bxc5 Qxc5+ 21. Kh1 g6 22. f5 gxf5 23. Bxf5 Qe3 24. Bxh7+ Kg7 25. Bf5 Qxe5 26. Bxe6 fxe6 27. Qd1 Rc4 28. Qf3 Rc7 29. Qf8+ Kh7 30. h3 Rg7 31. Qb4 Qg5 32. Rf2 Qc1+ 33. Kh2 Qc7+ 34. Kg1 Qc1+ 35. Rf1 Qg5 36. Rf2 e5 37. Qc5 e4 38. Qc2 Qg3 39. Qe2 Qxh3 40. Rf5 Qxf5 0-1

[Event "Titled Tuesday intern op 02nd Mar"]
[Site "Chess.com INT"]
[Date "2021.03.02"]
[Round "11"]
[White "Svane, Frederik"]
[Black "Delgadillo, Adonai"]
[Result "0-1"]
[WhiteElo "2421"]
[BlackElo "2236"]
[PlyCount "120"]
[EventDate "2021.03.02"]
[EventType "swiss (blitz)"]
[EventRounds "11"]
[EventCountry "USA"]
[SourceTitle "CBM 201 Extra"]
[Source "ChessBase"]
[SourceDate "2021.05.31"]
[SourceVersion "1"]
[SourceVersionDate "2021.05.31"]
[SourceQuality "1"]

1. e4 c5 2. Nf3 d6 3. Bb5+ Bd7 4. c4 Nc6 5. Nc3 g6 6. d4 cxd4 7. Nxd4 Bg7 8. Be3 Nf6 9. h3 0-0 10. 0-0 Nxd4 11. Bxd4 Bxb5 12. cxb5 Qd7 13. Qd3 Rfc8 14. f4 Qe6 15. Kh1 b6 16. b3 Rc7 17. Bxf6 Bxf6 18. Nd5 Rc5 19. f5 gxf5 20. Rae1 fxe4 21. Nxf6+ exf6 22. Rxe4 Re5 23. Ref4 Re3 24. Qd2 Re2 25. Qd4 Qe5 26. Qd3 Rc8 27. Rf5 Qe4 28. Qg3+ Kh8 29. R5f4 Qe5 30. Qf3 Rg8 31. Rf2 Re1+ 32. Kh2 Rg6 33. Rc2 Kg7 34. g3 d5 35. Qf2 Re4 36. Rf3 h5 37. Kg2 h4 38. g4 d4 39. Rd2 Re3 40. Rd3 Rxf3 41. Qxf3 f5 42. Qf2 fxg4 43. Qxd4 gxh3+ 44. Kxh3 Qxd4 45. Rxd4 Rg5 46. Kxh4 Rxb5 47. Rd7 Ra5 48. a4 Kf6 49. Kg4 Ke6 50. Rb7 f5+ 51. Kf4 Kd6 52. Ke3 Kc5 53. Kd3 Kb4 54. Kc2 Rc5+ 55. Kb2 Re5 56. Kc2 Re2+ 57. Kd3 Re4 58. Rxa7 Kxb3 59. Rb7 Rb4 60. Ra7 f4 0-1

[Event "Titled Tuesday intern op 19th Jan"]
[Site "Chess.com INT"]
[Date "2021.01.19"]
[Round "4"]
[White "Delgadillo, Adonai"]
[Black "Seletsky, Grigory"]
[Result "1-0"]
[WhiteElo "2236"]
[BlackElo "2272"]
[PlyCount "55"]
[EventDate "2021.01.19"]
[EventType "swiss (blitz)"]
[EventRounds "11"]
[EventCountry "USA"]
[SourceTitle "CBM 200 Extra"]
[Source "ChessBase"]
[SourceDate "2021.03.31"]
[SourceVersion "1"]
[SourceVersionDate "2021.03.31"]
[SourceQuality "1"]

1. e4 c5 2. Nc3 d6 3. b3 Nc6 4. Bb2 e5 5. Nf3 g6 6. Nd5 Bg7 7. c3 Nge7 8. Be2 0-0 9. 0-0 Nxd5 10. exd5 Ne7 11. c4 e4 12. Bxg7 exf3 13. Bxf8 fxe2 14. Qxe2 Kxf8 15. Rfe1 Nf5 16. b4 Bd7 17. bxc5 dxc5 18. Qe5 f6 19. Qf4 Qb8 20. Qe4 Qd6 21. h4 Re8 22. Qg4 Nd4 23. Rxe8+ Kxe8 24. Re1+ Kf7 25. Qe4 Bf5 26. Qe8+ Kg7 27. Re7+ Kh6 28. Qf8+ 1-0

[Event "Titled Tuesday intern op 12th Jan"]
[Site "Chess.com INT"]
[Date "2021.01.12"]
[Round "8"]
[White "De Silva, LMST"]
[Black "Delgadillo, Adonai"]
[Result "0-1"]
[WhiteElo "2085"]
[BlackElo "2236"]
[PlyCount "62"]
[EventDate "2021.01.12"]
[EventType "swiss (blitz)"]
[EventRounds "11"]
[EventCountry "USA"]
[SourceTitle "CBM 200 Extra"]
[Source "ChessBase"]
[SourceDate "2021.03.31"]
[SourceVersion "1"]
[SourceVersionDate "2021.03.31"]
[SourceQuality "1"]

1. e4 c5 2. Nf3 d6 3. Bb5+ Bd7 4. Bxd7+ Qxd7 5. c4 e5 6. Nc3 Nc6 7. d3 Nge7 8. 0-0 g6 9. a3 Bg7 10. Rb1 0-0 11. b4 b6 12. Ne1 Nd4 13. Be3 f5 14. f4 fxe4 15. Nxe4 Nef5 16. Bxd4 exd4 17. Nc2 d5 18. cxd5 Qxd5 19. bxc5 bxc5 20. Qf3 Kh8 21. Kh1 c4 22. Nb4 Qg8 23. dxc4 Qxc4 24. Rfc1 Qg8 25. Nc6 Rae8 26. g4 Nh4 27. Qg3 Qd5 28. Qxh4 Rxe4 29. Kg1 d3 30. Ne7 Bd4+ 31. Kh1 Re1# 0-1

[Event "Titled Tuesday intern op 12th Jan"]
[Site "Chess.com INT"]
[Date "2021.01.12"]
[Round "7"]
[White "Delgadillo, Adonai"]
[Black "Kabanova, Ekaterina"]
[Result "1-0"]
[WhiteElo "2236"]
[BlackElo "2138"]
[PlyCount "49"]
[EventDate "2021.01.12"]
[EventType "swiss (blitz)"]
[EventRounds "11"]
[EventCountry "USA"]
[SourceTitle "CBM 200 Extra"]
[Source "ChessBase"]
[SourceDate "2021.03.31"]
[SourceVersion "1"]
[SourceVersionDate "2021.03.31"]
[SourceQuality "1"]

1. e4 c5 2. b3 e6 3. Bb2 a6 4. Nf3 b5 5. a4 bxa4 6. Rxa4 Bb7 7. Nc3 Qc7 8. Be2 Nf6 9. d3 Nc6 10. 0-0 h5 11. Qa1 Ng4 12. Nb5 Qb8 13. Bxg7 Bxg7 14. Qxg7 Rf8 15. Nc3 Nd4 16. g3 Nxc2 17. Ng5 Nd4 18. Nh7 Ke7 19. Bxg4 hxg4 20. Qg5+ f6 21. Qxc5+ Qd6 22. Qxd6+ Kxd6 23. Rxd4+ Ke5 24. Rxd7 Rfb8 25. d4# 1-0

[Event "Titled Tuesday intern op 12th Jan"]
[Site "Chess.com INT"]
[Date "2021.01.12"]
[Round "10"]
[White "Perez Gormaz, Matias Ariel"]
[Black "Delgadillo, Adonai"]
[Result "1-0"]
[WhiteElo "2413"]
[BlackElo "2236"]
[PlyCount "59"]
[EventDate "2021.01.12"]
[EventType "swiss (blitz)"]
[EventRounds "11"]
[EventCountry "USA"]
[SourceTitle "CBM 200 Extra"]
[Source "ChessBase"]
[SourceDate "2021.03.31"]
[SourceVersion "1"]
[SourceVersionDate "2021.03.31"]
[SourceQuality "1"]

1. e4 c5 2. Nf3 d6 3. Nc3 g6 4. d4 cxd4 5. Qxd4 Nf6 6. e5 dxe5 7. Qxd8+ Kxd8 8. Nxe5 Ke8 9. Bc4 Be6 10. Bxe6 fxe6 11. Nb5 Na6 12. Be3 Nd5 13. Bxa7 Bg7 14. Bd4 Nab4 15. 0-0-0 Rxa2 16. Kb1 Rf8 17. Nf3 Bxd4 18. Nbxd4 e5 19. Ne6 Rf6 20. Nc5 e4 21. Ne1 Rc6 22. Rxd5 Rxb2+ 23. Kxb2 Nxd5 24. Nxe4 Nb4 25. c3 Rc4 26. f3 Nd5 27. Nd3 b5 28. Kb3 h6 29. Ra1 g5 30. Ra8+ 1-0

[Event "Titled Tuesday intern op 15st Dec"]
[Site "Chess.com INT"]
[Date "2020.12.15"]
[Round "8"]
[White "Delgadillo, Adonai"]
[Black "Isajevsky, Anton"]
[Result "0-1"]
[WhiteElo "2236"]
[BlackElo "2403"]
[PlyCount "74"]
[EventDate "2020.12.15"]
[EventType "swiss (blitz)"]
[EventRounds "11"]
[EventCountry "USA"]
[SourceTitle "CBM 199 Extra"]
[Source "ChessBase"]
[SourceDate "2021.01.31"]
[SourceVersion "1"]
[SourceVersionDate "2021.01.31"]
[SourceQuality "1"]

1. e4 c5 2. Nf3 d6 3. d4 cxd4 4. Nxd4 Nf6 5. Nc3 a6 6. Bg5 e6 7. f4 Qc7 8. Bxf6 gxf6 9. Qh5 Qc5 10. Qxc5 dxc5 11. Nb3 b6 12. Na4 Nd7 13. 0-0-0 Rb8 14. g3 h5 15. f5 Bb7 16. fxe6 fxe6 17. Bc4 Ke7 18. Rxd7+ Kxd7 19. Nxb6+ Kc7 20. Na4 Bxe4 21. Re1 Rb4 22. Naxc5 Bxc5 23. Nxc5 Rxc4 24. Nxe4 f5 25. Ng5 Re8 26. c3 e5 27. Kc2 Rg4 28. Nf3 Re4 29. Rf1 f4 30. gxf4 Rxf4 31. Nd2 Rxf1 32. Nxf1 Rf8 33. Ne3 Rf2+ 34. Kd3 Rxb2 35. h4 Rxa2 36. Nc4 Rh2 37. Nxe5 Rxh4 0-1